• 首页
  • 本馆介绍
  • 公告通知
  • 最新文献
  • 馆藏检索
  • 电子资源
  • 读者导购
  • 参考咨询
  • 我的图书馆
  • 登录
  • 详细信息显示
  • 放入我的书架
  • 预约/预借图书
  • 作者相关作品
  • 分类相关作品
  • 丛书相关作品
  • 出版社相关作品

书目信息

  • 表格格式
  • 工作单格式
  • 卡片格式
题名:
毛泽东诗词传奇
    
 
作者: 罗胸怀 著
分册:  
出版信息: 北京   新华出版社  2010.10
页数: 283页
开本: 23cm
丛书名:
单 册:
中图分类: A841.4
科图分类:
主题词: 毛主席诗词研究
电子资源:
ISBN: 978-7-5011-9397-4
000 00791nam0 2200229 450
001 010020006990
005 20120321100351.48
010    @a978-7-5011-9397-4@dCNY35.00
100    @a20101020d2010 em y0chiy0110 ea
101 0  @achi
102    @aCN@b110000
105    @aa z 000yy
106    @ar
200 1  @a毛泽东诗词传奇@9mao ze dong shi ci chuan qi@f罗胸怀著
210    @a北京@c新华出版社@d2010.10
215    @a283页@c图@d23cm
330    @a毛泽东是一位伟大的革命家、思想家、军事家,也是一位伟大的诗人。本书以独特的视角、流畅的文笔,通过毛泽东的诗词,来展现毛主席在20世纪中国革命风云变幻中波澜壮阔的伟大人生。
606 0  @a毛主席诗词研究
690    @aA841.4@v4
701  0 @a罗胸怀@9luo xiong huai@f(1966-)@4著
801  0 @aCN@bRENTIAN@c20101020
905    @b538743-47@dA841.4@e132@f5
    
    毛泽东诗词传奇/罗胸怀著.-北京:新华出版社,2010.10
    283页:图;23cm
    
    
    ISBN 978-7-5011-9397-4:CNY35.00
    毛泽东是一位伟大的革命家、思想家、军事家,也是一位伟大的诗人。本书以独特的视角、流畅的文笔,通过毛泽东的诗词,来展现毛主席在20世纪中国革命风云变幻中波澜壮阔的伟大人生。
●
相关链接 在E读中查询图书 在五车中查询图书 在当当中查询图书 在豆瓣中查询图书


正题名:毛泽东诗词传奇     索取号:A841.4/132         预约/预借

序号 登录号 条形码 馆藏地/架位号 状态 备注
1 538743   205387437   第一样本阅览室/ [索取号:A841.4/132] 在馆    
2 538744   205387446   第一借阅区/ [索取号:A841.4/132] 在馆    
3 538745   205387455   第一借阅区/ [索取号:A841.4/132] 在馆    
4 538746   205387464   第一借阅区/ [索取号:A841.4/132] 在馆    
5 538747   205387473   第一借阅区/ [索取号:A841.4/132] 在馆    
唐山师范学院图书馆 欢迎您!
大连网信软件有限公司© 版权所有